[Event "India Cities-ch 19th"]
[Site "Khalpara"]
[Date "2018.08.03"]
[Round "4.1"]
[White "Sri, Sai Baswanth P"]
[Black "Krish, Kedia"]
[Result "1-0"]
[WhiteElo "1912"]
[BlackElo "1514"]
[PlyCount "121"]
[EventDate "2018.08.01"]
[EventType "team-swiss"]
[EventRounds "7"]
[EventCountry "IND"]
[SourceTitle "CBM 186 Extra"]
[Source "ChessBase"]
[SourceDate "2018.08.24"]
[SourceVersion "1"]
[SourceVersionDate "2018.08.24"]
[SourceQuality "1"]
[WhiteTeam "Hyderabad"]
[BlackTeam "Siliguri Green"]
[WhiteTeamCountry "IND"]
[BlackTeamCountry "IND"]

1. e4 e6 2. Nf3 d5 3. Nc3 Nf6 4. e5 Nfd7 5. d4 a6 6. Bd3 c5 7. dxc5 Bxc5 8. 0-0 h6 9. Qe2 Nc6 10. Bf4 0-0 11. a3 b5 12. Rad1 Bb7 13. Rfe1 Nb6 14. Qd2 Nd4 15. Nxd4 Bxd4 16. Bxh6 Qh4 17. Be3 Bxe3 18. Rxe3 d4 19. Rh3 dxc3 20. Rxh4 cxd2 21. Bh7+ Kh8 22. Be4+ Kg8 23. Bxb7 Rad8 24. Be4 g6 25. Bd3 Rd5 26. Re4 Nc4 27. Bxc4 bxc4 28. f4 Rc8 29. Kf2 c3 30. Rb4 a5 31. Rb3 cxb2 32. Rxb2 Rc3 33. Ke2 Rxa3 34. Rxd2 Rxd2+ 35. Kxd2 Ra4 36. Rb8+ Kg7 37. g3 Ra2 38. Kd3 a4 39. c4 a3 40. Ra8 g5 41. fxg5 Rxh2 42. Rxa3 Kg6 43. c5 Rg2 44. Kc4 Kf5 45. c6 Rc2+ 46. Rc3 Rh2 47. c7 Rh8 48. Kc5 Kxe5 49. Rf3 Rh1 50. Rc3 Rh8 51. Kc6 Kf5 52. Rf3+ Kxg5 53. Rxf7 e5 54. Kd7 Kg6 55. Re7 Kf6 56. Re8 Rh1 57. Re6+ Kf7 58. c8Q e4 59. Qe8+ Kg7 60. Rg6+ Kh7 61. Qg8# 1-0

[Event "New Delhi Parsvnath op-C 16th"]
[Site "New Delhi"]
[Date "2018.01.14"]
[Round "4"]
[White "Piyush, Khurana"]
[Black "Krish, Kedia"]
[Result "1-0"]
[WhiteElo "1466"]
[BlackElo "1567"]
[PlyCount "77"]
[EventDate "2018.01.09"]
[EventType "swiss"]
[EventRounds "10"]
[EventCountry "IND"]
[SourceTitle "CBM 182 Extra"]
[Source "ChessBase"]
[SourceDate "2018.02.23"]
[SourceVersion "1"]
[SourceVersionDate "2018.02.23"]
[SourceQuality "1"]

1. d4 d5 2. c4 e6 3. Nc3 Nf6 4. Nf3 Be7 5. Bf4 a6 6. c5 0-0 7. h3 Nbd7 8. e3 Re8 9. Bd3 h6 10. 0-0 Nh7 11. Qc2 Ng5 12. Ne5 f5 13. Ng6 Bf6 14. Bh2 Nf8 15. Nf4 Ne4 16. Nh5 Nh7 17. Nxf6+ Nhxf6 18. f3 Nxc3 19. Qxc3 Bd7 20. a4 Rf8 21. b4 a5 22. b5 b6 23. c6 Be8 24. Be5 Nh7 25. Qe1 Ng5 26. Qg3 Rf7 27. Be2 Rc8 28. Bf4 Kh8 29. Be5 Kg8 30. Bd3 Qe7 31. h4 Nh7 32. e4 fxe4 33. fxe4 Rxf1+ 34. Rxf1 Bh5 35. exd5 exd5 36. Bf5 Rf8 37. Bxc7 Qb4 38. Be5 Nf6 39. c7 1-0